| 000 | 00649nam a2200229Ia 4500 | ||
|---|---|---|---|
| 003 | GCL | ||
| 008 | 140319s9999 xx 000 0 ara d | ||
| 040 |
_aGCL / _cGCL |
||
| 082 | 0 | 4 |
_a791.43 _bج ر |
| 245 | 1 | 0 | _aرسالة فى تاريخ السينما العربية |
| 260 |
_a[S.N] : _bوزارة الثقافة ، _c1970 |
||
| 300 | _a534 | ||
| 490 | _a | ||
| 650 | 0 | 4 | _aمصر |
| 650 | 0 | 4 | _aنقد |
| 650 | 0 | 4 | _aالجوانب الاجتماعية |
| 650 | 0 | 4 | _aصناعة وتجارة |
| 650 | 0 | 4 | _aالافلام السينمائية |
| 650 | 0 | 4 | _aالسينما |
| 650 | 0 | 4 | _aالاخراج السينمائى |
| 942 |
_2ddc _cBK |
||
| 999 |
_c31013 _d31013 |
||